01693cam a22002893a 450000100060000000300060000600500170001200800410002904000150007004200070008505000070009224500850009926000290018450507500021350600300096351600200099365300220101370000330103570000590106870000510112770000330117870000450121170000390125670000370129583000290133285600420136128198PGUSA20140828083617.0090226s2009||||xxu|||||s|||||000 | eng d aPGUSAbeng adc 4aPZ12aA Budget of Christmas Tales by Charles Dickens and Othersh[electronic resource] bProject Gutenberg,c20090 aDickens, C. A Christmas carol -- Sangster, M. E. The Christmas babe -- Corning, Mrs. W. H. A western Christmas -- Bacheller, I. Joe's search for Santa Claus -- Schayer, J. Angela's Christmas -- The first Puritan Christmas tree -- Butterworth, H. First New England Christmas -- Dickens, C. The chimes -- Redmond, C. Billy's Santa Claus experience -- Stowe, Mrs. H. B. Christmas in Poganuc -- Molesworth, Mrs. The Christmas princess -- Widow Townsend's visitor -- Wilcox, E. W. The old man's Christmas -- Dickens, C. The Christmas goblin -- Mead, C. H. The song of the star -- Collingwood, H. W. Indian Pete's Christmas gift -- My Christmas dinner -- Dickens, C. The poor traveler -- The legend of the Christmas tree -- Ewing, J. H. The peace egg. aPublic domain in the USA. aElectronic text aChristmas stories1 aDickens, Charles,d1812-18701 aCollingwood, Herbert W.q(Herbert Winslow),d1857-19271 aSchayer, Julia Thompson von Stosch,d1840-19281 aMolesworth,cMrs,d1839-19211 aEwing, Juliana Horatia Gatty,d1841-18851 aStowe, Harriet Beecher,d1811-18961 aWilcox, Ella Wheeler,d1850-1919 0aProject Gutenbergv2819840uhttp://www.gutenberg.org/ebooks/28198